Let us learn meditation / (Record no. 63965)

MARC details
000 -LEADER
fixed length control field 00552nam a22001817a 4500
005 - DATE AND TIME OF LATEST TRANSACTION
control field 20181102155151.0
020 ## - INTERNATIONAL STANDARD BOOK NUMBER
Terms of availability 200.00
International Standard Book Number 8188322555
035 ## - SYSTEM CONTROL NUMBER
System control number B-166091 ,B-166100
037 ## - SOURCE OF ACQUISITION
Source of stock number/acquisition DBAD / PUB
082 ## - DEWEY DECIMAL CLASSIFICATION NUMBER
Classification number 158.12
100 ## - MAIN ENTRY--PERSONAL NAME
Personal name Narayan, Arvind
245 ## - TITLE STATEMENT
Title Let us learn meditation /
Statement of responsibility, etc by Arvind Narayan
260 ## - PUBLICATION, DISTRIBUTION, ETC. (IMPRINT)
Place of publication, distribution, etc New Delhi
Name of publisher, distributor, etc Ocean Books
Date of publication, distribution, etc 2005
270 ## - ADDRESS
Address 4/19, Asaf Ali Road
City New Delhi
Postal code 110002
300 ## - PHYSICAL DESCRIPTION
Extent 183p.
Dimensions 22cm (Hb)
942 ## - ADDED ENTRY ELEMENTS (KOHA)
Source of classification or shelving scheme Dewey Decimal Classification
Item type English Books
Call number suffix NAR
Classification part 158.12
Holdings
Withdrawn status Lost status Not for loan Collection code Home library Current library Date acquired Cost, normal purchase price Full call number Barcode Cost, replacement price Koha item type Copy number
      Non-fiction R.C.Libraries (zls) R.C.Libraries (zls) 02/11/2018 200.00 158.12 NAR B-166100 200.00 English Books 1
      Non-fiction Sarojini Nagar Sarojini Nagar 12/03/2012 200.00 158.12 NAR B-166091 200.00 English Books  

© Delhi Public Library
Hit Counter
free hit counter